000 00396nam a22001697a 4500
003 MPLRDC
005 20220104144024.0
008 210129b ||||| |||| 00| 0 eng d
082 _a448.6 YH
100 _a袁辉编译
245 _a趣味电子小制作
_c
250 _a初版
260 _a
_b天津科技翻译
_c1989
300 _b
650 _a电子工程
942 _cBK
_o448.6 YH
999 _c45619
_d45609